MLB Baseball Standings (2017) - Statistics

General Stats
  • This quiz has been taken 6 times
  • The average score is 21 of 30
Answer Stats
Division # Team % Correct
American League East 5 Baltimore Orioles
100%
American League East 1* Boston Red Sox
100%
American League Central 1* Cleveland Indians
100%
American League East 2* New York Yankees
100%
American League East 3 Tampa Bay Rays
100%
American League East 4 Toronto Blue Jays
100%
American League Central 4 Chicago White Sox
83%
American League Central 5 Detroit Tigers
83%
American League West 1* Houston Astros
83%
American League Central 3 Kansas City Royals
83%
American League West 2 Los Angeles Angels
67%
National League East 2 Miami Marlins
67%
American League Central 2* Minnesota Twins
67%
American League West 5 Oakland Athletics
67%
American League West 3 Seattle Mariners
67%
American League West 4 Texas Rangers
67%
National League East 1* Washington Nationals
67%
National League West 2* Arizona Diamondbacks
50%
National League East 3 Atlanta Braves
50%
National League Central 1* Chicago Cubs
50%
National League Central 5 Cincinnati Reds
50%
National League West 3* Colorado Rockies
50%
National League West 1* Los Angeles Dodgers
50%
National League Central 2 Milwaukee Brewers
50%
National League East 4 New York Mets
50%
National League East 5 Philadelphia Phillies
50%
National League Central 4 Pittsburgh Pirates
50%
National League West 4 San Diego Padres
50%
National League West 5 San Francisco Giants
50%
National League Central 3 St. Louis Cardinals
50%
No matching quizzes found
Score Distribution
Percent of People with Each Score
Percentile by Number Answered
Your Score History
You have not taken this quiz